The Masked Singer UK Contestants - Statistics

General Stats
  • This quiz has been taken 677 times
    253 since last reset
  • The average score is 46 of 73
Answer Stats
Series Character Celebrity Position % Correct
2 Seahorse Mel B 11th
83%
1 Queen Bee Nicola Roberts 1st
81%
5 Piranha Danny Jones 1st
80%
2 Sausage Joss Stone 1st
79%
1 Hedgehog Jason Manford 2nd
78%
2 Badger Ne-Yo 2nd
74%
2 Dragon Sue Perkins 5th
74%
3 Traffic Cone Aled Jones 5th
73%
2 Robin Aston Merrygold 3rd
72%
1 Monster CeeLo Green 4th
72%
1 Fox Denise van Outen 5th
72%
3 Doughnuts Michael Owen 6th
72%
1 Butterfly Patsy Palmer 12th
72%
2 Alien Sophie Ellis-Bextor 12th
72%
2 Blob Lenny Henry 6th
71%
3 Panda Natalie Imbruglia 1st
71%
1 Duck Skin 7th
71%
2 Harlequin Gabrielle 4th
70%
1 Octopus Katherine Jenkins 3rd
70%
4 Piece of Cake Lulu 11th
69%
4 Phoenix Ricky Wilson 2nd
69%
1 Tree Teddy Sheringham 9th
69%
4 Rhino Charlie Simpson 1st
67%
4 Ghost Chris Kamara 12th
67%
2 Viking Morten Harket 7th
67%
4 Fawn Natalie Appleton 3rd
67%
1 Chameleon Justin Hawkins 10th
66%
3 Rockhopper Michelle Williams 4th
66%
5 Bigfoot Alex Brooker 2nd
65%
1 Pharaoh Alan Johnson 11th
64%
3 Mushroom Charlotte Church 2nd
64%
4 Otter Daisy May Cooper 6th
64%
1 Unicorn Jake Shears 6th
64%
4 Pigeon Katherine Ryan 8th
64%
5 Cricket Lemar 3rd
64%
6 Toad in the Hole Macy Gray 10th
64%
4 Cat & Mouse Martin Kemp 10th
64%
3 Lionfish Will Young 10th
64%
2 Grandfather Clock Glenn Hoddle 9th
63%
2 Bush Baby John Thomson 8th
63%
3 Bagpipes Pat Cash 9th
63%
4 Cat & Mouse Shirlie Kemp 10th
63%
3 Chandelier Heather Small 12th
62%
1 Daisy Kelis 8th
62%
4 Jellyfish Amber Riley 4th
60%
4 Knitting Clare Richards 7th
60%
5 Rat Shirley Ballas 10th
60%
5 Eiffel Tower Tiffany 4th
60%
6 Dressed Crab Gregory Porter 2nd
59%
5 Air Fryer Keala Settle 5th
59%
3 Robobunny Mark Feehily 3rd
59%
5 Chicken Caesar Alexander Armstrong 11th
58%
5 Owl Lorraine Kelly 8th
58%
2 Swan Martine McCutcheon 10th
58%
4 Jacket Potato Richie Sambora 5th
58%
6 Wolf Marti Pellow 3rd
57%
5 Weather Dionne Warwick 12th
56%
6 Bush Natalie Cassidy 4th
56%
3 Snow Leopard Gloria Hunniford 11th
55%
6 Spag Bol Kate Garraway 12th
55%
6 Pufferfish Samantha Barks 1st
55%
6 Bear Example 5th
52%
6 Pegasus Prue Leith 11th
52%
4 Rubbish Stephen Hendry 9th
51%
6 Snail Andrea Corr 6th
50%
6 Teeth Mel Giedroyc 8th
50%
5 Dippy Egg Nicky Campbell 7th
50%
5 Bubble Tea Julia Sawalha 9th
49%
6 Tattoo Carol Decker 9th
48%
3 Firework Jaime Winstone 7th
48%
6 Kingfisher Grayson Perry 7th
45%
5 Maypole Melody Thornton 6th
43%
3 Poodle Tom Chaplin 8th
43%
No matching quizzes found
Score Distribution
Percent of People with Each Score
Percentile by Number Answered
Your Score History
You have not taken this quiz since the last reset